000 00769nam a2200265 a 4500
001 1917167
003 OSt
005 20140310182036.0
008 850627s1985 mou 000 0 eng
010 _a 85080929
020 _a0892431644 (pbk.) :
_c$2.95
040 _aDLC
_cDLC
_dDLC
050 0 0 _aBV 4832.2
_b.Sn675 1982
082 0 0 _aHS 242.2
_bS9 1982
100 1 _aSnyder, Bernadette McCarver.
245 1 0 _aGraham crackers, galoshes, and God /
_cBernadette McCarver Snyder.
260 _aLiguori, Mo. :
_bLiguori Publications,
_cc1982.
300 _a96 p. :
_c19 cm.
600 1 0 _aSnyder, Bernadette McCarver.
650 0 _aMeditations.
650 0 _aPrayers.
906 _a7
_bcbc
_corignew
_d3
_eopcn
_f19
_gy-gencatlg
942 _2lcc
_cBK
999 _c8680
_d8680